| 000 | 00000nam##2200000za#4500 |
| 001 | 9.643545 |
| 003 | CaOODSP |
| 005 | 20210624224222 |
| 007 | cr ||||||||||| |
| 008 | 150407|2012||||xxc|||||o f|0| 0 fre|d |
| 040 | |aCaOODSP|bfre |
| 043 | |an-cn--- |
| 086 | 1 |aR74-28/2012F-PDF |
| 110 | 1 |aCanada.|bAffaires indiennes et du Nord. |
| 245 | 10|aProgramme de surveillance des effets cumulatifs (PSEC) des Territoires du Nord-Ouest : |h[ressource électronique]|bplan stratégique jusqu'en 2015 |
| 246 | 17|aPlan stratégique du PSEC jusqu'en 2015 : version provisoire |
| 260 | |aYellowknife - Territoires du Nord-Ouest : |bAffaires indiennes et du Nord |cOctobre 2012. |
| 300 | |a26p.|bfigures en couleur, tableaux |
| 590 | |a15-02-Supp|b2015-02-16 |
| 691 | 07|aGestion de l'environnement|2gcpds |
| 691 | 07|aGestion stratégique|2gcpds |
| 775 | 08|tNorthwest Territories Cumulative Impact Monitoring Program (CIMP) : |w(CaOODSP)9.699542 |
| 856 | 40|ahttp://publications.gc.ca|qPDF|s502 Ko|uhttps://publications.gc.ca/collections/collection_2014/aadnc-aandc/R74-28-2012-fra.pdf |